000 00586nam a2200181Ia 4500
008 151018s9999 xx 000 0 und d
082 _bRBASDV13004
_a891.463
100 _aगो. ना. दातार
245 _aइंद्रभुवन गुहा
250 _b1
260 _bप्रताप प्रकाशन
_c1980
300 _a432
600 _aगो. ना. दातार
630 _aइंद्रभुवन गुहा
700 _aगो. ना. दातार
730 _aइंद्रभुवन गुहा
942 _cBOOK
999 _c1015241
_d1015238